000
00252 a2200109 4500
001
63358
082
_a
532.05 BAT
090
_c
37409
_d
37409
100
_a
Batchelor G.K
245
_a
An introduction to fluid dynamics
_h
English
260
_b
Cambridge
942
_a
CAE NUST
_k
532.05 BAT
999
_c
298431
_d
298431